| 000 | 01078nam a22002297a 4500 | ||
|---|---|---|---|
| 003 | NALT | ||
| 005 | 20220523141126.0 | ||
| 008 | s2554 th ||||| |||| 00| 0 tha d | ||
| 020 | _a9786167073422 | ||
| 040 | _aNALT | ||
| 050 |
_aPL 4200.A52 _bร421พ 2554 |
||
| 110 | 2 |
_aราชบัณฑิตยสถาน _94278 |
|
| 245 | 1 | 0 |
_aพจนานุกรมศัพท์วรรณคดีไทย สมัยสุโขทัย ไตรภูมิกถา / _cราชบัณฑิตยสถาน. |
| 250 | _aพิมพ์ครั้งที่ 2 | ||
| 260 |
_aกรุงเทพฯ : _bราชบัณฑิตยสถาน (สนามเสือป่า), _c2554. |
||
| 300 |
_a781 หน้า : _bภาพประกอบ ; _c27 ซม. |
||
| 650 | 4 |
_aวรรณคดีไทย _917998 _xพจนานุกรม |
|
| 650 | 4 |
_aไตรภูมิ _958070 _xพจนานุกรม |
|
| 850 | _aNALT | ||
| 942 |
_cGB _2lcc |
||
| 998 |
_bชวนพิชญ์ รัตนาไพบูลย์ _bphon _cben _j104 _k สายฝน ดีงาม |
||
| 999 |
_c66323 _d66323 |
||